MARC details
| 000 -LEADER |
| fixed length control field |
02423nam a2200361 a 4500 |
| 001 - CONTROL NUMBER |
| control field |
1890654 |
| 003 - CONTROL NUMBER IDENTIFIER |
| control field |
AM-YEHGA |
| 005 - DATE AND TIME OF LATEST TRANSACTION |
| control field |
20250618080114.0 |
| 008 - FIXED-LENGTH DATA ELEMENTS--GENERAL INFORMATION |
| fixed length control field |
230313s2022 ai ab||gr|||||||||0|rus|| |
| 020 ## - INTERNATIONAL STANDARD BOOK NUMBER |
| International Standard Book Number |
9789939843582 |
| 040 ## - CATALOGING SOURCE |
| Original cataloging agency |
AM-YeHGA |
| 041 1# - LANGUAGE CODE |
| Language code of text/sound track or separate title |
rus |
| Language code of original |
arm |
| 090 ## - LOCALLY ASSIGNED LC-TYPE CALL NUMBER (OCLC); LOCAL CALL NUMBER (RLIN) |
| -- |
565280 |
| 245 00 - TITLE STATEMENT |
| Title |
Арцах : |
| Remainder of title |
Атлас / |
| Statement of responsibility, etc. |
[Текст Самвела Карапетяна ; пер. А. Пепанян ; фот. Армандо Топаляна и др.]. |
| 260 ## - PUBLICATION, DISTRIBUTION, ETC. |
| Place of publication, distribution, etc. |
Ереван : |
| Name of publisher, distributor, etc. |
Фонд по изучению армянской архитектуры, |
| Date of publication, distribution, etc. |
2022. |
| 300 ## - PHYSICAL DESCRIPTION |
| Extent |
35 с. : |
| Other physical details |
цв. ил., карт. ; |
| Dimensions |
30х43 см. |
| 520 #3 - SUMMARY, ETC. |
| Summary, etc. |
“Арцах: Атлас” - исследование истории и культуры Арцаха. Атлас содержит краткое введение в историю Арцаха с древних времен до наших дней с рядом карт, созданных по историческим материалам. |
| 650 14 - SUBJECT ADDED ENTRY--TOPICAL TERM |
| Topical term or geographic name entry element |
Всеобщая история |
| 650 14 - SUBJECT ADDED ENTRY--TOPICAL TERM |
| Topical term or geographic name entry element |
История армянского народа |
| 9 (RLIN) |
5523 |
| 650 14 - SUBJECT ADDED ENTRY--TOPICAL TERM |
| Topical term or geographic name entry element |
История |
| Geographic subdivision |
Закавказье |
| 650 14 - SUBJECT ADDED ENTRY--TOPICAL TERM |
| Topical term or geographic name entry element |
История |
| Geographic subdivision |
Нагорный Карабах (Арцах) |
| Form subdivision |
Историко-географический атлас |
| 650 14 - SUBJECT ADDED ENTRY--TOPICAL TERM |
| Topical term or geographic name entry element |
Исторические культовые памятники и погребальные сооружения |
| Geographic subdivision |
Арцах |
| 650 14 - SUBJECT ADDED ENTRY--TOPICAL TERM |
| Topical term or geographic name entry element |
Археологические памятники Арцаха |
| 650 14 - SUBJECT ADDED ENTRY--TOPICAL TERM |
| Topical term or geographic name entry element |
Региональная география |
| Geographic subdivision |
Нагорный Карабах (Арцах) |
| Form subdivision |
Историко-географический атлас |
| 651 #4 - SUBJECT ADDED ENTRY--GEOGRAPHIC NAME |
| Geographic name |
Нагорный Карабах (Республика Арцах) |
| General subdivision |
История |
| 651 #4 - SUBJECT ADDED ENTRY--GEOGRAPHIC NAME |
| Geographic name |
Нагорный Карабах (Республика Арцах) |
| General subdivision |
Историческая география |
| 651 #4 - SUBJECT ADDED ENTRY--GEOGRAPHIC NAME |
| Geographic name |
Нагорный Карабах (Республика Арцах) |
| General subdivision |
Культура |
| 653 0# - INDEX TERM--UNCONTROLLED |
| Uncontrolled term |
Исторические места и памятники - Арцах - Историко-географический атлас |
| 700 1# - ADDED ENTRY--PERSONAL NAME |
| Personal name |
Карапетян, Самвел Геворгович, |
| Dates associated with a name |
1961-2020 |
| Relator term |
авт. текста |
| Relationship |
aui |
| 700 1# - ADDED ENTRY--PERSONAL NAME |
| Personal name |
Пепанян, Айцемик |
| Relator term |
пер. |
| Relationship |
trl |
| 700 1# - ADDED ENTRY--PERSONAL NAME |
| Personal name |
Топалян, Армандо |
| Relator term |
фот. |
| Relationship |
pht |
| 942 ## - ADDED ENTRY ELEMENTS (KOHA) |
| Source of classification or shelving scheme |
Universal Decimal Classification |
| Koha item type |
Գրքեր / Books |